01388nam a22002657a 4500003000400000005001700004008004100021040002200062082001800084100002700102245004300129260004700172300001900219366000800238490001300246505013800259505039700397650004100794650005000835650004400885650004800929650004300977650005501020650004701075OSt20230503165550.0221006b |||||||| |||| 00| 0 eng d cBiblioteca Lado V a709.05bR643f aRoberts, Jameseeditor aFrieze/bContemporary Art And Culture/ bDurian Publications Ltd.aInglaterrac2005 c23x30cma232p. eeng a94v2005 tFRONTaState of the Art Letters View from the bridge Laughter tears Informant Debate Books Debate Events Architecture Music tBACKaREVIEWS Stephen Shore Avalanche Anna Parkina Neo Ranch The American West The Need to Document Matthew Monahan Tina Keane Isaac Julien Chris Burden Bridges Freezes Simon Starling Becoming Animal Alessandro Pessoli Fernando Bryce Liz Larner Mungo Thomson Threshold Sven Gundlach Jack Goldstein Art & Language Andrea Bowers Max Shumann Annelise Coste Tadeuz Kantor 2Tesauro de Arte & ArquitecturaaARTE 2Tesauro de Arte & ArquitecturaaEXPOSICIONES  2Tesauro de Arte & ArquitecturaaCULTURA 2Tesauro de Arte & ArquitecturaaAPRECIACION 2Tesauro de Arte & ArquitecturaaTEORIA 2Tesauro de Arte & ArquitecturaaARTE CONTEMPORANEO 2Tesauro de Arte & ArquitecturaaINGLATERRA